Joueurs Vainqueurs de la Ligue des Champions - Mort subite #2 - Statistiques

Statistiques générales
  • Ce quiz a été pris 79 fois
  • Le résultat moyen est 8 sur 16
Answers on the Grid
Answers color-coded by a green-red scale on the quiz's grid according to % correct below.
Arjen Robben
Cristiano Ronaldo
Frank Lampard
Manuel Neuer
Neymar Jr
Robert Lewandowski
Samuel Eto'o
Wayne Rooney
N'Golo Kanté
Francisco Gento
Philippe Coutinho
Achraf Hakimi
Gerard Piqué
Diego Milito
Phil Foden
Nemanja Vidić
Marco Verratti
David de Gea
Antoine Griezmann
Giorgio Chiellini
Gonzalo Higuaín
Mesut Özil
Michael Ballack
Patrick Vieira
Pavel Nedvěd
Pelé
Robin van Persie
Ronaldo Nazário
 
Statistiques - réponses
Réponse % Correct
Gerard Piqué
67%
Cristiano Ronaldo
63%
Achraf Hakimi
61%
Neymar Jr
59%
N'Golo Kanté
59%
Wayne Rooney
59%
Phil Foden
55%
Samuel Eto'o
55%
Frank Lampard
53%
Arjen Robben
51%
Manuel Neuer
51%
Robert Lewandowski
49%
Diego Milito
37%
Nemanja Vidić
37%
Philippe Coutinho
24%
Francisco Gento
22%
Aucun quiz correspondant
Distribution des résultats
% des personnes avec chaque résultat
Percentile par nombre de réponses
Votre historique - résultats
Vous n’avez pas pris ce quiz